000
00337nam a2200145Ia 4500
008
191201s2009 xx 000 0 und d
082
_a
629.831
_b
KUA
100
_a
KUO, Benjamin C
245
0
_a
Automatic Control Systems
250
_a
Rep.
260
_a
N.Delhi
_b
PHI
_c
2009
300
_a
897
650
_a
B.Tech(ECE)
942
_2
ddc
_c
BK
999
_c
3813
_d
3813